000
00194 a2200097 4500
001
4729
100
_a
Alter,D
245
_a
Pictorical astronomy
260
_a
_b
Crowell
_c
090
_c
3922
_d
3922
942
_a
NUST-CAE
_c
M
_c
30181
999
_c
239802
_d
239802